| 000 | 00683nam a2200205 a 4500 | ||
|---|---|---|---|
| 005 | 20260324064020.0 | ||
| 008 | 991125s1971 mx 000 0 spa u | ||
| 035 | _aUPN01000055464 | ||
| 049 | _aUNE | ||
| 050 | 4 |
_aLC71 _bR3.6 |
|
| 100 | 1 |
_aRahnema, Majid, _d1924- _935260 |
|
| 245 | 1 | 2 |
_aL'Institutionnalisation de la réforme de l'éducation / _cpar Majid Rahnema. |
| 260 |
_a[París?] : _bUNESCO, Comission Internationale sur le developpement de l'Education, _c1971. |
||
| 300 | _a21 p. | ||
| 440 | 0 |
_aSerie B. _pOpinions ; _v43 |
|
| 500 | _a"Traduction provisoire. Oringal francais" | ||
| 650 | 4 |
_aEducación y Estado _919 |
|
| 650 | 4 |
_aReforma educativa _91530 |
|
| 905 | _aLibro | ||
| 999 |
_c55464 _d55464 |
||